BIBLIOTECA PODER JUDICIAL
Portal Judicial TDF

El derecho administrativo : (Registro nro. 2846)

000 -LEADER
fixed length control field 00594nam a22001937a 4500
003 - CONTROL NUMBER IDENTIFIER
control field OSt
005 - DATE AND TIME OF LATEST TRANSACTION
control field 20200304062529.0
008 - FIXED-LENGTH DATA ELEMENTS--GENERAL INFORMATION
fixed length control field 190515e xxu||||| |||| 00| 0 spa d
020 ## - INTERNATIONAL STANDARD BOOK NUMBER
International Standard Book Number 9789505233915
040 ## - CATALOGING SOURCE
Transcribing agency PJ
245 13 - MENCIÓN DE TÍTULO
Título propiamente dicho El derecho administrativo :
Parte restante del título 2007 /
Mención de responsabilidad, etc director Pedro J. J. Coviello.
260 ## - PUBLICATION, DISTRIBUTION, ETC. (IMPRINT)
Place of publication, distribution, etc Buenos Aires :
Name of publisher, distributor, etc Universitas,
Date of publication, distribution, etc 2007.
300 ## - DESCRIPCION FISICA
Extent 840 p.
Dimensions 24 cm.
490 ## - MENCION DE SERIE
Mención de Serie Serie Especial
650 #0 - ASIENTO SECUNDARIO DE MATERIA - TERMINO TEMATICO
9 (RLIN) 211
Topical term or geographic name as entry element DERECHO ADMINISTRATIVO
650 #0 - ASIENTO SECUNDARIO DE MATERIA - TERMINO TEMATICO
Topical term or geographic name as entry element JURISPRUDENCIA APLICABLE
9 (RLIN) 1057
700 ## - ADDED ENTRY--PERSONAL NAME
9 (RLIN) 4258
Personal name Coviello, Pedro J. J.
Relator term director
942 ## - ADDED ENTRY ELEMENTS (KOHA)
Source of classification or shelving scheme
Koha item type Libros
Classification part 342.9
Item part DER
Existencias
Withdrawn status Lost status Source of classification or shelving scheme Damaged status Not for loan Permanent Location Current Location Date acquired Full call number Barcode Date last seen Price effective from Koha item type
          Biblioteca Poder Judicial Sur Biblioteca Poder Judicial Sur 2019-05-15 342.9 DER 5664 2019-05-15 2019-05-15 Libros

12 de Octubre 789 Ushuaia - Tel:  54(02901)441571
Horario de Atención: 8.00 a 17.00 hs. 
bibliotecaush@justierradelfuego.gov.ar
koha@justierradelfuego.gov.ar
Seguinos en nuestras redes @bibliojustdf 

Con tecnología Koha